World in view / (Record no. 10513)

MARC details
000 -LEADER
fixed length control field 00833nam a2200229 a 4500
003 - CONTROL NUMBER IDENTIFIER
control field PILC
005 - DATE AND TIME OF LATEST TRANSACTION
control field 20241030160118.0
008 - FIXED-LENGTH DATA ELEMENTS--GENERAL INFORMATION
fixed length control field 060606s1987 xx 00 eng d
010 ## - LIBRARY OF CONGRESS CONTROL NUMBER
LC control number Acc#25701-25705
020 ## - INTERNATIONAL STANDARD BOOK NUMBER
International Standard Book Number 0936625082
040 ## - CATALOGING SOURCE
Transcribing agency Philippine Baptist Theological Seminary
050 ## - LIBRARY OF CONGRESS CALL NUMBER
Classification number BV 2061
Item number P235 1987
100 10 - MAIN ENTRY--PERSONAL NAME
Personal name Parks, R. Keith
245 10 - TITLE STATEMENT
Title World in view /
Statement of responsibility, etc. R. Keith Parks.
260 0# - PUBLICATION, DISTRIBUTION, ETC (IMPRINT)
Place of publication, distribution, etc. Birmingham, AL :
Name of publisher, distributor, etc. New Hope,
Date of publication, distribution, etc. c1987.
300 ## - PHYSICAL DESCRIPTION
Extent 60 p. ; 29 cm.
440 #0 - SERIES STATEMENT/ADDED ENTRY--TITLE
Title Global Evangelization MovementL The AD 2000 Series
504 ## - BIBLIOGRAPHY, ETC. NOTE
Bibliography, etc Includes index.
505 ## - FORMATTED CONTENTS NOTE
Formatted contents note Message and method<br/>Biblical heritage<br/>Missions and missionaries<br/>Stewardship and mission commitment<br/>Keeping the world in view<br/>Redrawing mission maps <br/>Doing global missions today
650 ## - SUBJECT ADDED ENTRY--TOPICAL TERM
Topical term or geographic name as entry element MISSIONS
General subdivision EVANGELISTIC WORK
942 ## - ADDED ENTRY ELEMENTS (KOHA)
Koha item type Circulation Books
Source of classification or shelving scheme Library of Congress Classification
Holdings
Withdrawn status Lost status Source of classification or shelving scheme Damaged status Not for loan Home library Current library Shelving location Date acquired Total Checkouts Full call number Barcode Date last seen Price effective from Koha item type
    Dewey Decimal Classification     PBTS Library PBTS Library Circulation Section 06/06/2006   BV 2061 P235 1987 25701 03/18/2026 04/02/2015 Circulation Books
    Dewey Decimal Classification     PBTS Library PBTS Library Circulation Section 06/06/2006   BV 2061 P235 1987 25702 03/18/2026 04/02/2015 Circulation Books
    Dewey Decimal Classification     PBTS Library PBTS Library Circulation Section 06/06/2006   BV 2061 P235 1987 25703 03/18/2026 04/02/2015 Circulation Books
    Dewey Decimal Classification     PBTS Library PBTS Library Circulation Section 06/06/2006   BV 2061 P235 1987 25704 03/18/2026 04/02/2015 Circulation Books
    Dewey Decimal Classification     PBTS Library PBTS Library Circulation Section 06/06/2006   BV 2061 P235 1987 25705 03/18/2026 04/02/2015 Circulation Books

Philippine Baptist Theological Seminary | 19 Tacay Road, Central Guisad, Baguio City 2600, Philippines